| 000 | 00900nam a2200205Ia 4500 | ||
|---|---|---|---|
| 999 |
_c36158 _d36158 |
||
| 001 | 2060 | ||
| 003 | GE_BSU | ||
| 005 | 20190520143056.0 | ||
| 008 | 181216s1980||||ge |||||||||||||| ||geo|| | ||
| 040 | _cGE_BSU | ||
| 041 | _ageo | ||
| 080 | _a821.133.1 ბ–21 | ||
| 100 |
_aბალზაკი, ონორე დე _91377 |
||
| 245 |
_aოცდაათი წლის ქალი ; ცეზარ ბიროტო : _bრომანები / _cონორე დე ბალზაკი ; ფრანგ. თარგმნა თ. ქიქოძემ. |
||
| 264 |
_aთბილისი : _bსაბჭოთა საქართველო, _c1980. |
||
| 300 |
_a600 გვ.; _b19 სმ. |
||
| 653 | _aფრანგული ლიტერატურა | ||
| 700 |
_aქიქოძე, თინათინ _eმთარგმნელი _91378 |
||
| 942 |
_cBK _2udc |
||